| 000 | 00777nam a2200241 a 4500 | ||
|---|---|---|---|
| 001 | BRCA_5168 | ||
| 005 | 20190320204953.0 | ||
| 008 | 820424s1953####nyua######---#000-0#eng-# | ||
| 041 | _aeng | ||
| 044 | _anyu | ||
| 050 | 4 |
_aNK2260 _b.H56 1953 |
|
| 100 | 1 |
_aHinckley, F. Lewis _913221 |
|
| 245 | 1 | 0 |
_aA Directory of antique furniture _bthe autenthic classification of European and American designs for professionals & connoisseurs _cF. Lewis Hinckley. |
| 260 |
_aNueva York _bCrown _c1953 |
||
| 300 |
_axxxiv, 355 p. _bil. _c28 cm. |
||
| 500 | _aEstado físico: Sobrecubierta deteriorada | ||
| 500 | _aDD65 | ||
| 650 | 1 | 4 |
_aMuebles _96141 |
| 650 | 1 | 4 |
_aAntigüedades _xDecoración de interiores _913222 |
| 650 | 1 | 4 |
_aMuebles _xDiseño _913223 |
| 902 | _aGFM | ||
| 942 |
_2lcc _cB |
||
| 999 |
_c4862 _d4862 |
||